[Event "Nienberge- Steinfurt"]
[Site "?"]
[Date "2022.09.18"]
[Round "1.3"]
[White "Haselhorst, Helmut"]
[Black "Gottkehaskamp, Stefan"]
[Result "0-1"]
[WhiteElo "2071"]
[BlackElo "2074"]
[Annotator "daniel"]
[PlyCount "124"]
[SourceVersionDate "2023.06.22"]

1. Nf3 Nf6 2. d4 g6 3. c4 Bg7 4. Nc3 d6 5. e4 O-O 6. Be2 Nbd7 7. O-O e5 8. Re1
Re8 9. Bf1 c6 10. Rb1 Qc7 11. b3 Nf8 12. Bb2 Bg4 13. d5 c5 14. h3 Bd7 15. Nd2
a6 16. Be2 Kh8 17. Bg4 Nxg4 18. hxg4 h6 19. Nf1 Nh7 20. Ne3 Qd8 21. g3 Nf6 22.
Kg2 b5 23. f3 h5 24. Rh1 Kg8 25. gxh5 Nxh5 26. Bc1 b4 27. Ne2 a5 28. Ng4 Bxg4
29. fxg4 Nf6 30. Kf3 Nh7 31. Ng1 Ng5+ 32. Ke3 Qd7 33. Kd3 Nh7 34. Nh3 Rf8 35.
Be3 a4 36. Nf2 axb3 37. axb3 Ra2 38. g5 f5 39. gxf6 Nxf6 40. Qg1 Ng4 41. Nxg4
Qxg4 42. Rh2 Ra3 43. Rf2 $11 Rf3 44. Rxf3 Qxf3 45. Qe1 Bh6 46. Rb2 Bxe3 47.
Qxe3 Rxb3+ 48. Rxb3 Qd1+ 49. Qd2 Qxb3+ 50. Ke2 Qxc4+ 51. Kf3 Qc3+ 52. Qxc3 bxc3
53. Ke2 Kf7 54. Kd3 Kf6 55. Kxc3 Kg5 56. Kc4 Kg4 57. Kb5 Kxg3 58. Kc6 c4 59.
Kxd6 c3 60. Kxe5 c2 61. Kf6 c1=Q 62. Kxg6 Qf4 0-1

[Event "Nienberge- Steinfurt"]
[Site "?"]
[Date "2022.09.18"]
[Round "1.5"]
[White "Raus, Michael"]
[Black "Ringwelski, Marius"]
[Result "1/2-1/2"]
[WhiteElo "1938"]
[BlackElo "2007"]
[PlyCount "47"]
[SourceVersionDate "2023.06.22"]

1. e4 c5 2. Nc3 a6 3. f4 b5 4. d3 Bb7 5. Nf3 e6 6. Qe2 d6 7. g3 Be7 8. Bg2 Nf6
9. O-O O-O 10. h3 Nfd7 11. Be3 Qc7 12. Kh2 Nc6 13. Nd1 d5 14. exd5 exd5 15. d4
Rfe8 16. Qd2 Nb6 17. b3 cxd4 18. Nxd4 Bf6 19. c3 Ne7 20. Rc1 Nbc8 21. Nf2 g6
22. Ng4 Qd6 23. Nxf6+ Qxf6 24. Nf3 1/2-1/2

[Event "Nienberge- Steinfurt"]
[Site "?"]
[Date "2022.09.18"]
[Round "1.6"]
[White "Keller, Dirk"]
[Black "Freitag, Michael"]
[Result "0-1"]
[WhiteElo "1984"]
[BlackElo "1766"]
[PlyCount "110"]
[SourceVersionDate "2023.06.22"]

1. c4 e6 2. g3 c6 3. Bg2 d5 4. Nf3 f5 5. O-O Nf6 6. d3 Bc5 7. b3 O-O 8. Bb2
Nbd7 9. Qc2 Qe7 10. e3 Ng4 11. d4 Bd6 12. h3 Nh6 13. Nbd2 Qf6 14. Rac1 g5 15.
Qc3 Nf7 16. Ne1 h5 17. Nd3 Qh6 18. cxd5 exd5 19. Nf3 Nf6 20. Nfe5 Nh8 21. b4 h4
22. Qe1 g4 23. Nf4 Nh5 24. Nxh5 Qxh5 25. hxg4 fxg4 26. gxh4 Qxh4 27. b5 Bd7 28.
f4 g3 29. Rf3 Qh2+ 30. Kf1 Bxe5 31. Qxg3+ Qxg3 32. Rxg3+ Bg7 33. bxc6 bxc6 34.
Bf3 Rf6 35. Kf2 Rg6 36. Rcg1 Rxg3 37. Rxg3 Bf5 38. e4 dxe4 39. d5 Ng6 40. Bxg7
Kxg7 41. Bh5 cxd5 42. Rg5 Kf6 43. Bxg6 Bxg6 44. Rxd5 Re8 45. Ke3 Re6 46. Ra5 a6
47. a4 Rd6 48. Rc5 Rd3+ 49. Ke2 Ra3 50. Rc6+ Kf5 51. Rxa6 Bf7 52. Rc6 Rxa4 53.
Ke3 Ra3+ 54. Ke2 Rf3 55. Rc7 Be6 0-1

[Event "Nienberge- Steinfurt"]
[Site "?"]
[Date "2022.09.18"]
[Round "1.7"]
[White "Stoeckmann, Helmut"]
[Black "Gottkehaskamp, Philipp"]
[Result "1/2-1/2"]
[WhiteElo "2009"]
[BlackElo "2054"]
[PlyCount "21"]
[SourceVersionDate "2023.06.22"]

1. c4 b6 2. Nf3 Bb7 3. g3 Bxf3 4. exf3 c5 5. d4 cxd4 6. Qxd4 Nc6 7. Qd2 e6 8.
Bg2 Bb4 9. Nc3 Qf6 10. O-O Nge7 11. Ne4 1/2-1/2

[Event "Münster 2- Werther"]
[Site "?"]
[Date "2022.09.18"]
[Round "1.1"]
[White "Haskenhoff, Jan"]
[Black "Weidemann, Jakob"]
[Result "0-1"]
[WhiteElo "2202"]
[BlackElo "2056"]
[PlyCount "46"]
[SourceVersionDate "2023.06.22"]

1. e4 c5 2. Nf3 d6 3. d4 cxd4 4. Nxd4 Nf6 5. Nc3 g6 6. Be3 Bg7 7. f3 O-O 8. Qd2
Nc6 9. O-O-O d5 10. Qe1 e5 11. Nxc6 bxc6 12. exd5 Nxd5 13. Bc4 Be6 14. Kb1 Rb8
15. Ne4 f5 16. Bxa7 Ra8 17. Bc5 Rf7 18. Bb3 Rd7 19. Nd6 Nf4 20. Qe3 Rb8 21. g3
Bxb3 22. gxf4 exf4 23. Qxf4 Bxa2+ 0-1

[Event "Münster 2- Werther"]
[Site "?"]
[Date "2022.09.18"]
[Round "1.2"]
[White "Schroeder, Lennart"]
[Black "Freiberger, Jonas"]
[Result "0-1"]
[WhiteElo "2041"]
[BlackElo "2231"]
[PlyCount "140"]
[SourceVersionDate "2023.06.22"]

1. d4 f5 2. g3 Nf6 3. Bg2 g6 4. Nf3 Bg7 5. O-O O-O 6. b3 d6 7. Bb2 Qe8 8. c4 c6
9. Nbd2 Na6 10. Qc2 Nh5 11. e4 f4 12. d5 Nb4 13. Qb1 Bxb2 14. Qxb2 cxd5 15.
exd5 Bf5 16. Nd4 Nd3 17. Qc3 Ne5 18. Nxf5 gxf5 19. Nf3 Ng4 20. Nd4 Qg6 21. Rae1
Rae8 22. Ne6 fxg3 23. Nxf8 gxh2+ 24. Kh1 Rxf8 25. Rxe7 Qg5 26. Qe1 Nf4 27. Bf3
Ne5 28. Rxe5 dxe5 29. Qxe5 Kf7 30. d6 Rg8 31. Qe7+ Qxe7 32. dxe7 b6 33. Re1 Re8
34. Kxh2 Rxe7 35. Rxe7+ Kxe7 36. Kg3 Nd3 37. Bd1 Kf6 38. f4 Nc5 39. Kf3 Ne6 40.
Ke3 Kg6 41. b4 h5 42. a4 h4 43. Kf3 Kf6 44. Ke3 h3 45. Bf3 h2 46. Bg2 Ke7 47.
Kf3 a5 48. bxa5 bxa5 49. Kg3 Kd6 50. Kxh2 Nxf4 51. Bf1 Ne6 52. Kg3 Ke5 53. Kf3
Nc5 54. Ke3 Nxa4 55. Kd3 Nc5+ 56. Kc3 Ke4 57. Bg2+ Ke3 58. Bh1 f4 59. Bg2 f3
60. Bxf3 Kxf3 61. Kd4 a4 62. Kxc5 a3 63. Kb6 a2 64. c5 a1=Q 65. c6 Qa8 66. Kc7
Ke4 67. Kd7 Kd5 68. c7 Qb7 69. Kd8 Kd6 70. c8=N+ Ke6 0-1

[Event "Münster 2- Werther"]
[Site "?"]
[Date "2022.09.18"]
[Round "1.3"]
[White "Suchland, Marko"]
[Black "Boesel, Alexander"]
[Result "1/2-1/2"]
[WhiteElo "2166"]
[BlackElo "1986"]
[PlyCount "106"]
[SourceVersionDate "2023.06.22"]

1. d4 Nf6 2. Bf4 d5 3. e3 c5 4. Nf3 Bg4 5. Nbd2 Nc6 6. c3 e6 7. Qb3 Qb6 8. Ne5
Qxb3 9. axb3 Nxe5 10. Bxe5 Nd7 11. Bb5 a6 12. dxc5 f6 13. Bg3 Bxc5 14. b4 Ba7
15. Ba4 Ke7 16. O-O Nb6 17. Bb3 Rhd8 18. h3 Be2 19. Rfe1 Bd3 20. e4 Nc4 21.
Bxc4 dxc4 22. e5 Rd7 23. Ra3 f5 24. b5 Bc5 25. Ra4 Bc2 26. Rxc4 Rc8 27. bxa6 b5
28. Rxc5 Rxc5 29. Nf3 Rd1 30. Bh4+ Kd7 31. Rxd1+ Bxd1 32. a7 Rc8 33. Nd4 Ra8
34. Nxb5 Ba4 35. Nd4 Rxa7 36. b3 Bc6 37. f3 Ra1+ 38. Kf2 Ra2+ 39. Kf1 Ra5 40.
Bg3 g5 41. b4 Ra1+ 42. Be1 Bd5 43. g3 Ra2 44. Bf2 Bc4+ 45. Ke1 Ra1+ 46. Kd2
Ra2+ 47. Ke1 Ra1+ 48. Kd2 Rh1 49. h4 gxh4 50. gxh4 Rh2 51. Ke1 Rh1+ 52. Kd2 Rh2
53. Ke1 Rh1+ 1/2-1/2

[Event "Münster 2- Werther"]
[Site "?"]
[Date "2022.09.18"]
[Round "1.4"]
[White "Virnyi, Julius"]
[Black "Goecke, Ulrich"]
[Result "1-0"]
[WhiteElo "2084"]
[BlackElo "2138"]
[PlyCount "49"]
[SourceVersionDate "2023.06.22"]

1. d4 e6 2. Nf3 f5 3. c4 Nf6 4. e3 b6 5. Be2 Bb7 6. O-O Be7 7. Nc3 O-O 8. Ne5
d6 9. Nd3 Ne4 10. Nxe4 Bxe4 11. Nf4 Qc8 12. d5 e5 13. Nh5 f4 14. exf4 Bg6 15.
fxe5 dxe5 16. d6 Bxd6 17. Qd5+ Rf7 18. Qxa8 c6 19. Ng3 Qc7 20. c5 bxc5 21. Bc4
Qb6 22. Rd1 Bc7 23. Be3 Kf8 24. Bxf7 Bxf7 25. b4 1-0

[Event "Münster 2- Werther"]
[Site "?"]
[Date "2022.09.18"]
[Round "1.5"]
[White "Henkemeier, Markus"]
[Black "Quante, Lennart"]
[Result "0-1"]
[WhiteElo "2032"]
[BlackElo "2092"]
[PlyCount "52"]
[SourceVersionDate "2023.06.22"]

1. d4 Nf6 2. Bf4 g6 3. e3 Bg7 4. Be2 O-O 5. h4 c5 6. c3 Qb6 7. Qb3 d6 8. Nd2
Be6 9. dxc5 Qxc5 10. Qxb7 Nbd7 11. Nb3 Bxb3 12. Qxb3 Rab8 13. Qc2 Nd5 14. Rc1
Nxf4 15. exf4 Rfc8 16. Bd3 Qd5 17. Nf3 Qxa2 18. Rb1 Rxb2 19. Rxb2 Bxc3+ 20. Ke2
Qxb2 21. Rc1 Rb8 22. Qxb2 Rxb2+ 23. Ke3 Ba5 24. Rc8+ Kg7 25. Bc2 Nb6 26. Rc6
Nd5+ 0-1

[Event "Münster 2- Werther"]
[Site "?"]
[Date "2022.09.18"]
[Round "1.6"]
[White "Junk, Phillip"]
[Black "Kraetzer, Ruediger"]
[Result "1-0"]
[WhiteElo "2078"]
[BlackElo "1958"]
[PlyCount "75"]
[SourceVersionDate "2023.06.22"]

1. e4 c6 2. Nc3 d5 3. Nf3 Bg4 4. h3 Bxf3 5. Qxf3 e6 6. Be2 Nd7 7. O-O Ngf6 8.
d4 dxe4 9. Nxe4 Be7 10. c3 O-O 11. Bf4 Nxe4 12. Qxe4 Nf6 13. Qc2 Qd7 14. Bd3
Rfd8 15. Rad1 h6 16. Qe2 Qd5 17. a3 Qh5 18. Qxh5 Nxh5 19. Bc1 Bd6 20. f4 Nf6
21. g3 h5 22. Kg2 Nd7 23. f5 exf5 24. Rxf5 g6 25. Rf2 Kg7 26. Rdf1 f6 27. Re2
Re8 28. Rfe1 Rxe2+ 29. Rxe2 Nf8 30. Bf4 Bxf4 31. Re7+ Kh6 32. gxf4 Rb8 33. Rf7
f5 34. h4 a5 35. Kf3 Ne6 36. Bxf5 Ng7 37. Be4 Ne8 38. f5 1-0

[Event "Münster 2- Werther"]
[Site "?"]
[Date "2022.09.18"]
[Round "1.7"]
[White "Ortpaul, Mario"]
[Black "Kubo, Thomas"]
[Result "0-1"]
[WhiteElo "1931"]
[BlackElo "2021"]
[PlyCount "86"]
[SourceVersionDate "2023.06.22"]

1. Nf3 c5 2. c4 Nc6 3. d4 cxd4 4. Nxd4 Nf6 5. Nc3 d6 6. g3 g6 7. Bg2 Bd7 8. b3
Bg7 9. Bb2 O-O 10. O-O Rb8 11. Qd2 a6 12. Rac1 Qa5 13. Rfd1 Rfc8 14. a3 Nxd4
15. Qxd4 Ng4 16. Qd2 Qb6 17. Ne4 Qxb3 18. Bxg7 Kxg7 19. Qd4+ Kg8 20. Rc3 Qa4
21. c5 Qxd4 22. Rxd4 Bf5 23. cxd6 Rxc3 24. dxe7 Rc1+ 25. Bf1 Re8 26. Rd8 Rc8
27. Rxc8 Bxc8 28. Nd6 Bd7 29. Nxe8 Bxe8 30. Bh3 f5 31. Bg2 b6 32. e4 fxe4 33.
Bxe4 Kf7 34. h4 Nf6 35. Bd3 a5 36. f3 Kxe7 37. g4 Ke6 38. Kf2 Ke5 39. Ke2 Kf4
40. g5 Nh5 41. Bc4 Ng3+ 42. Kf2 Nf5 43. Bg8 Nxh4 0-1

[Event "Münster 2- Werther"]
[Site "?"]
[Date "2022.09.18"]
[Round "1.8"]
[White "Meyer, Emil"]
[Black "Hufendiek, Ekkehard"]
[Result "0-1"]
[WhiteElo "1677"]
[BlackElo "1899"]
[PlyCount "92"]
[SourceVersionDate "2023.06.22"]

1. e4 e5 2. Nf3 Nc6 3. d4 exd4 4. Nxd4 Nf6 5. Nxc6 bxc6 6. e5 Qe7 7. Qe2 Nd5 8.
c4 Nb6 9. Nc3 a5 10. f4 Qe6 11. Qe4 d5 12. cxd5 cxd5 13. Qf3 Bc5 14. Bd2 O-O
15. Rc1 Qe7 16. Nxd5 Nxd5 17. Qxd5 Bb4 18. Bxb4 Qxb4+ 19. Qd2 Qe4+ 20. Kf2 Bb7
21. Rc4 Qg6 22. Qe3 Qb1 23. Rxc7 Qxb2+ 24. Be2 Ba6 25. Rhc1 Qxa2 26. R1c2 Qb1
27. e6 Bxe2 28. exf7+ Rxf7 29. Rc8+ Rf8 30. Qe6+ Kh8 31. Rxa8 Qf1+ 32. Ke3
Qxf4+ 33. Kxe2 Qf1+ 34. Kd2 Qxg2+ 35. Kc1 Qxa8 36. Qe5 Qh1+ 37. Kb2 Qb7+ 38.
Ka2 Qf7+ 39. Ka1 Qf1+ 40. Ka2 a4 41. Rc7 Qg2+ 42. Ka3 h6 43. Rc3 Qb7 44. Rh3
Rf6 45. Qd4 Qe7+ 46. Ka2 Qe6+ 0-1